| 000 | 00966nabaa22002177a 4500 | ||
|---|---|---|---|
| 999 |
_c6306 _d6306 |
||
| 003 | OSt | ||
| 005 | 20260129032256.0 | ||
| 008 | 190701b xxu||||| |||| 00| 0 spa d | ||
| 040 | _cPJ | ||
| 100 |
_96001 _aEnrici, Luciano |
||
| 245 | 1 | 3 |
_aLas medidas "autosatisfactivas" en el derecho a la protección de la salud / _cLuciano Enrici. |
| 300 | _ap. 66 | ||
| 500 | _aCita: TR LALEY AR/DOC/1566/2025 | ||
| 505 | _aSumario: I. Introducción.— II. Algunos supuestos en que la medida "autosatisfactiva" ha sido aceptada en casos ligados a la protección de la salud. — III. Conclusiones. | ||
| 505 | _t¿Te interesa el texto completo? Comunicate al correo: koha@justierradelfuego.gov.ar | ||
| 650 | 0 |
_9211 _aDERECHO ADMINISTRATIVO |
|
| 650 | 0 |
_91253 _aDERECHO A LA SALUD |
|
| 650 | 0 | _aMEDIDAS AUTOSATISFACTVAS | |
| 773 | 0 |
_02842 _93251 _dBuenos Aires : AbeledoPerrot, 2012- _oDA121 _tDerecho administrativo. Nº 160 julio/agosto 2025 _z18510590 |
|
| 942 |
_2udc _cANA |
||